[Event "Aktobe Dvorkovich Rapid op"]
[Site "Aktobe"]
[Date "2022.06.21"]
[Round "8"]
[White "Kim, Alexey"]
[Black "Talgatov, Nazar"]
[Result "0-1"]
[WhiteElo "2465"]
[BlackElo "1845"]
[PlyCount "70"]
[EventDate "2022.06.21"]
[EventType "swiss (rapid)"]
[EventRounds "9"]
[EventCountry "KAZ"]
[SourceTitle "CBM 209 Extra"]
[Source "ChessBase"]
[SourceDate "2022.09.30"]
[SourceVersion "1"]
[SourceVersionDate "2022.09.30"]
[SourceQuality "1"]

1. c4 g6 2. Nc3 Bg7 3. d4 d6 4. e4 Nc6 5. d5 Nd4 6. Be3 c5 7. Nge2 Nxe2 8. Bxe2 Nf6 9. 0-0 0-0 10. Qd2 a6 11. a4 Rb8 12. h3 Qa5 13. Bg5 Re8 14. Rae1 b5 15. axb5 axb5 16. cxb5 Nd7 17. Ra1 Qc7 18. Rfc1 Nb6 19. Bh6 Bh8 20. h4 e6 21. Bf4 Bb7 22. Na4 Nxa4 23. Rxa4 exd5 24. exd5 Qd7 25. b4 Re4 26. bxc5 Rxa4 27. c6 Qe7 28. cxb7 Qxb7 29. Bf3 Rd8 30. Bg5 Re8 31. Qc2 Qxb5 32. Qc6 Rb4 33. Qxd6 Rb1 34. Rxb1 Qxb1+ 35. Kh2 Be5+ 0-1

[Event "Aktobe Dvorkovich Rapid op"]
[Site "Aktobe"]
[Date "2022.06.21"]
[Round "4"]
[White "Sivuk, Vitaly"]
[Black "Kim, Alexey"]
[Result "1-0"]
[WhiteElo "2555"]
[BlackElo "2465"]
[PlyCount "113"]
[EventDate "2022.06.21"]
[EventType "swiss (rapid)"]
[EventRounds "9"]
[EventCountry "KAZ"]
[SourceTitle "CBM 209 Extra"]
[Source "ChessBase"]
[SourceDate "2022.09.30"]
[SourceVersion "1"]
[SourceVersionDate "2022.09.30"]
[SourceQuality "1"]

1. d4 d5 2. c4 e6 3. Nf3 Nf6 4. g3 c6 5. Nbd2 Nbd7 6. b3 Be7 7. Bg2 b6 8. 0-0 Bb7 9. Bb2 0-0 10. e3 c5 11. Qe2 dxc4 12. Nxc4 b5 13. Nce5 Qb6 14. Rfd1 Nxe5 15. Nxe5 Bxg2 16. Kxg2 Rac8 17. Rac1 Qb7+ 18. Qf3 Qxf3+ 19. Kxf3 cxd4 20. Nc6 Bd8 21. Bxd4 a6 22. e4 Re8 23. Be3 h6 24. h4 Nh7 25. e5 f6 26. Nxd8 Rcxd8 27. Rxd8 Rxd8 28. Rc6 Ra8 29. exf6 Nxf6 30. Rxe6 Nd5 31. Rd6 Rf8+ 32. Ke4 Nc3+ 33. Kd4 Nxa2 34. Rxa6 Nb4 35. Rb6 Nc2+ 36. Ke4 Re8+ 37. Kf3 Nxe3 38. fxe3 Re5 39. e4 Rc5 40. b4 Rc3+ 41. Kf4 g5+ 42. hxg5 hxg5+ 43. Kxg5 Rxg3+ 44. Kf4 Rb3 45. Rxb5 Kf7 46. Ke5 Ke8 47. Rb7 Kd8 48. Ke6 Rh3 49. e5 Rh6+ 50. Kd5 Rh4 51. b5 Rb4 52. b6 Kc8 53. Rc7+ Kd8 54. Rc6 Kd7 55. Rd6+ Ke7 56. Rh6 Rb5+ 57. Ke4 1-0

[Event "Wch Blitz"]
[Site "Moscow"]
[Date "2019.12.30"]
[Round "18"]
[White "Kim, Alexey"]
[Black "Anton Guijarro, David"]
[Result "1-0"]
[WhiteElo "2464"]
[BlackElo "2685"]
[PlyCount "95"]
[EventDate "2019.12.29"]
[EventType "swiss (blitz)"]
[EventRounds "21"]
[EventCountry "RUS"]
[SourceTitle "CBM 193 Extra"]
[Source "ChessBase"]
[SourceDate "2020.01.31"]
[SourceVersion "1"]
[SourceVersionDate "2020.01.31"]
[SourceQuality "1"]

1. e4 c5 2. Nf3 Nc6 3. d4 cxd4 4. Nxd4 e5 5. Nb5 d6 6. N1c3 a6 7. Na3 Be6 8. Nc4 Rb8 9. a4 Nb4 10. Be3 Nf6 11. Be2 Qc7 12. Nb6 Nxe4 13. 0-0 Nf6 14. Bf3 Be7 15. a5 Rd8 16. Bg5 0-0 17. Ra4 d5 18. Bxf6 gxf6 19. Nbxd5 Nxd5 20. Nxd5 Bxd5 21. Bxd5 f5 22. c4 e4 23. Qh5 Qe5 24. b4 Rd7 25. Ra3 Kh8 26. Rh3 Qg7 27. Qxf5 Rd6 28. Bxe4 Rg6 29. g3 h6 30. c5 Re8 31. Rh5 Bf6 32. Bxb7 Bd4 33. Kg2 Rf6 34. Qd5 Re2 35. Qxd4 Rfxf2+ 36. Qxf2 Rxf2+ 37. Rxf2 Qg6 38. Rhf5 Qg4 39. Rxf7 Qxb4 40. c6 Qe4+ 41. R7f3 Kg7 42. Kg1 Qe1+ 43. Rf1 Qe4 44. Rf8 Qe3+ 45. R8f2 Qe4 46. Rc1 Qe3 47. Rc4 Qd3 48. c7 1-0

[Event "Wch Blitz"]
[Site "Moscow"]
[Date "2019.12.30"]
[Round "14"]
[White "Kim, Alexey"]
[Black "Vokhidov, Shamsiddin"]
[Result "0-1"]
[WhiteElo "2464"]
[BlackElo "2526"]
[PlyCount "107"]
[EventDate "2019.12.29"]
[EventType "swiss (blitz)"]
[EventRounds "21"]
[EventCountry "RUS"]
[SourceTitle "CBM 193 Extra"]
[Source "ChessBase"]
[SourceDate "2020.01.31"]
[SourceVersion "1"]
[SourceVersionDate "2020.01.31"]
[SourceQuality "1"]

1. e4 e5 2. Nf3 Nc6 3. Bc4 Bc5 4. c3 Nf6 5. d3 a6 6. Bb3 d6 7. Nbd2 Ba7 8. h3 0-0 9. Nf1 d5 10. Qe2 Be6 11. Bg5 dxe4 12. dxe4 Bxb3 13. axb3 h6 14. Bh4 Qe7 15. Ne3 Qe6 16. Bxf6 Qxf6 17. Nd5 Qd6 18. 0-0 Rac8 19. Rfd1 Qe6 20. b4 Nb8 21. b5 c6 22. b6 cxd5 23. bxa7 Nd7 24. Rxd5 Nf6 25. Rxe5 Qb6 26. Nd4 Qxa7 27. Nf5 Rcd8 28. Re7 Qb6 29. b4 Rfe8 30. Qf3 Qc6 31. Qg3 Nh5 32. Qf3 Nf6 33. Re1 Kf8 34. Rxe8+ Rxe8 35. Nd4 Qc4 36. h4 Nd7 37. Qg3 Ne5 38. Nf5 g6 39. Nd6 Qe6 40. Nxe8 Qxe8 41. Rd1 Nc6 42. Qd6+ Kg7 43. f3 h5 44. Qd7 Qe5 45. Qd3 Qf4 46. Qd2 Qxh4 47. Qf2 Qf6 48. Rd3 Ne5 49. Rd1 g5 50. Rd5 Ng6 51. Qd4 Nf4 52. Rxg5+ Ng6 53. Qxf6+ Kxf6 54. Rxh5 0-1

[Event "Wch Blitz"]
[Site "Moscow"]
[Date "2019.12.29"]
[Round "3"]
[White "Belov, Vladimir"]
[Black "Kim, Alexey"]
[Result "1-0"]
[WhiteElo "2598"]
[BlackElo "2464"]
[PlyCount "45"]
[EventDate "2019.12.29"]
[EventType "swiss (blitz)"]
[EventRounds "21"]
[EventCountry "RUS"]
[SourceTitle "CBM 193 Extra"]
[Source "ChessBase"]
[SourceDate "2020.01.31"]
[SourceVersion "1"]
[SourceVersionDate "2020.01.31"]
[SourceQuality "1"]

1. d4 e6 2. Nf3 d5 3. c4 Nf6 4. Nc3 Be7 5. g3 c6 6. Bg2 b6 7. 0-0 0-0 8. Ne5 Ba6 9. Bf4 Bxc4 10. Nxc4 dxc4 11. a4 Nd5 12. Bd2 Na6 13. e3 Nab4 14. Qe2 Rc8 15. Qxc4 c5 16. dxc5 Rxc5 17. Qe2 Bf6 18. Nxd5 Nxd5 19. e4 Bxb2 20. Rad1 Ne7 21. Be3 Qb8 22. Bxc5 bxc5 23. Rb1 1-0

[Event "Wch Blitz"]
[Site "Moscow"]
[Date "2019.12.29"]
[Round "10"]
[White "Kim, Alexey"]
[Black "Luukkonen, Tommi"]
[Result "1-0"]
[WhiteElo "2464"]
[BlackElo "2290"]
[PlyCount "83"]
[EventDate "2019.12.29"]
[EventType "swiss (blitz)"]
[EventRounds "21"]
[EventCountry "RUS"]
[SourceTitle "CBM 193 Extra"]
[Source "ChessBase"]
[SourceDate "2020.01.31"]
[SourceVersion "1"]
[SourceVersionDate "2020.01.31"]
[SourceQuality "1"]

1. e4 c5 2. Nf3 d6 3. c3 Nf6 4. Be2 Bd7 5. Qc2 Bc6 6. d3 Nbd7 7. 0-0 g6 8. Re1 Bg7 9. Bf1 Rc8 10. a3 0-0 11. b4 a6 12. Bb2 e5 13. Nbd2 Nh5 14. g3 f5 15. Bg2 f4 16. Nc4 Qe7 17. Na5 g5 18. Nxc6 Rxc6 19. bxc5 Nxc5 20. d4 Nd7 21. Qb3+ Kh8 22. Rad1 Rb6 23. Qa2 g4 24. Nh4 Qf7 25. Qxf7 Rxf7 26. Rd2 Rb3 27. Bf1 b5 28. Nf5 Bf8 29. a4 Nb6 30. axb5 axb5 31. dxe5 dxe5 32. c4 Nxc4 33. Bxc4 bxc4 34. Bxe5+ Kg8 35. Rd8 Rb6 36. gxf4 h6 37. Ra1 c3 38. Rc1 Rc6 39. Rxc3 Rxc3 40. Bxc3 Kh7 41. Be5 Bc5 42. Rh8+ 1-0

[Event "Wch Blitz"]
[Site "Moscow"]
[Date "2019.12.29"]
[Round "9"]
[White "Laznicka, Viktor"]
[Black "Kim, Alexey"]
[Result "1-0"]
[WhiteElo "2648"]
[BlackElo "2464"]
[PlyCount "111"]
[EventDate "2019.12.29"]
[EventType "swiss (blitz)"]
[EventRounds "21"]
[EventCountry "RUS"]
[SourceTitle "CBM 193 Extra"]
[Source "ChessBase"]
[SourceDate "2020.01.31"]
[SourceVersion "1"]
[SourceVersionDate "2020.01.31"]
[SourceQuality "1"]

1. c4 e6 2. Nf3 d5 3. g3 Nf6 4. Bg2 Be7 5. 0-0 0-0 6. d4 c6 7. Qc2 b6 8. Rd1 Ba6 9. b3 Nbd7 10. Bf4 Rc8 11. Nc3 c5 12. cxd5 cxd4 13. Nxd4 Nxd5 14. Bxd5 exd5 15. Qb2 Nf6 16. Nf5 d4 17. Rxd4 Qe8 18. Ra4 Bb7 19. Rxa7 Bb4 20. Nd1 Qc6 21. Rxb7 Qxb7 22. Bd6 Bxd6 23. Nxd6 Qd5 24. Nxc8 Rxc8 25. Ne3 Qc5 26. Rd1 Ne4 27. Qd4 Qxd4 28. Rxd4 Nc3 29. Rd2 Ra8 30. a4 h5 31. Nd5 Ne4 32. Rd4 Nc5 33. Rb4 Re8 34. Kf1 Rd8 35. Nxb6 Rd1+ 36. Kg2 Rd2 37. Rb5 Ne4 38. Kf3 Nc3 39. Re5 Rb2 40. Re3 Nd1 41. Rd3 Rb1 42. a5 Nb2 43. Rd8+ Kh7 44. b4 Ra1 45. Rd2 Nd1 46. Rc2 Ra3+ 47. Ke4 Nxf2+ 48. Kd4 Ng4 49. Nc4 Ra4 50. Kc5 Nf6 51. Kb5 Ra1 52. a6 Nd5 53. Na5 Rb1 54. Rc4 Ne3 55. a7 Nxc4 56. Nxc4 1-0

[Event "Wch Rapid"]
[Site "Moscow"]
[Date "2019.12.28"]
[Round "15"]
[White "Tari, Aryan"]
[Black "Kim, Alexey"]
[Result "0-1"]
[WhiteElo "2634"]
[BlackElo "2464"]
[PlyCount "114"]
[EventDate "2019.12.26"]
[EventType "swiss (rapid)"]
[EventRounds "15"]
[EventCountry "RUS"]
[SourceTitle "CBM 193 Extra"]
[Source "ChessBase"]
[SourceDate "2020.01.31"]
[SourceVersion "1"]
[SourceVersionDate "2020.01.31"]
[SourceQuality "1"]

1. e4 c5 2. Nf3 d6 3. Nc3 Nf6 4. e5 dxe5 5. Nxe5 e6 6. Bb5+ Nbd7 7. d4 a6 8. Bxd7+ Bxd7 9. Be3 cxd4 10. Qxd4 Qc7 11. 0-0-0 Rd8 12. Rd2 Be7 13. Rhd1 0-0 14. Qf4 Bc6 15. Nxc6 Qxc6 16. g4 Rxd2 17. Rxd2 b5 18. g5 b4 19. Ne2 Nd5 20. Qe4 Rc8 21. h4 a5 22. Nf4 Nxe3 23. Qxc6 Rxc6 24. fxe3 h6 25. gxh6 gxh6 26. h5 Bg5 27. Rh2 Rc4 28. Rg2 Kf8 29. Rg4 Ke8 30. Kd2 Re4 31. Kd3 f5 32. Rg3 Kf7 33. c4 bxc3 34. bxc3 Ra4 35. Nh3 Bf6 36. Rg6 e5 37. Rxh6 Rxa2 38. Rg6 Ke7 39. h6 Rh2 40. Ng5 Bxg5 41. Rxg5 Kf6 42. Rg8 Rxh6 43. Ra8 Rh3 44. Ra6+ Kg5 45. Rxa5 e4+ 46. Kd4 Rh2 47. Ra1 Rf2 48. Ke5 Kg4 49. c4 Kf3 50. Ra3 Rc2 51. Kxf5 Rxc4 52. Ke5 Rc5+ 53. Kd4 Rc8 54. Rb3 Rd8+ 55. Kc4 Ke2 56. Rb1 Kxe3 57. Kc3 Rc8+ 0-1

[Event "Wch Rapid"]
[Site "Moscow"]
[Date "2019.12.27"]
[Round "9"]
[White "Mikhailovsky, Vladimir"]
[Black "Kim, Alexey"]
[Result "0-1"]
[WhiteElo "2209"]
[BlackElo "2464"]
[PlyCount "90"]
[EventDate "2019.12.26"]
[EventType "swiss (rapid)"]
[EventRounds "15"]
[EventCountry "RUS"]
[SourceTitle "CBM 193 Extra"]
[Source "ChessBase"]
[SourceDate "2020.01.31"]
[SourceVersion "1"]
[SourceVersionDate "2020.01.31"]
[SourceQuality "1"]

1. e4 e6 2. Qe2 c5 3. Nf3 Nc6 4. g3 Nf6 5. Bg2 d5 6. exd5 Nxd5 7. 0-0 Be7 8. Rd1 Bf6 9. Nc3 0-0 10. Ne4 Be7 11. d4 cxd4 12. Nxd4 Nxd4 13. Rxd4 Nf4 14. Nf6+ Bxf6 15. Rxf4 Qe7 16. c3 Rd8 17. Be3 e5 18. Rb4 a5 19. Rb5 a4 20. Bc5 Qd7 21. Bb6 Qd3 22. Qxd3 Rxd3 23. Be4 Rd6 24. Bc5 Rd8 25. c4 Rd7 26. Kf1 Bd8 27. Bb4 Rd4 28. Bd5 Be6 29. Bc3 Rxc4 30. Bxe6 fxe6 31. Rxb7 Bf6 32. Rd1 h5 33. a3 Rf8 34. Rdd7 Kh7 35. Ke2 Kg6 36. Kd3 Rc6 37. Ra7 Rfc8 38. Ke2 Rc4 39. Ra6 Kf5 40. Rda7 e4 41. Ra5+ Kg6 42. Bxf6 gxf6 43. Rxa4 Rc2+ 44. Kf1 e3 45. Rf4 e2+ 0-1

[Event "Wch Rapid"]
[Site "Moscow"]
[Date "2019.12.27"]
[Round "7"]
[White "Tengis, Tsogochir"]
[Black "Kim, Alexey"]
[Result "1/2-1/2"]
[WhiteElo "2190"]
[BlackElo "2464"]
[PlyCount "120"]
[EventDate "2019.12.26"]
[EventType "swiss (rapid)"]
[EventRounds "15"]
[EventCountry "RUS"]
[SourceTitle "CBM 193 Extra"]
[Source "ChessBase"]
[SourceDate "2020.01.31"]
[SourceVersion "1"]
[SourceVersionDate "2020.01.31"]
[SourceQuality "1"]

1. Nf3 d5 2. e3 Nf6 3. c4 e6 4. b3 Be7 5. Bb2 0-0 6. g3 c5 7. Bg2 Nc6 8. 0-0 b6 9. Nc3 Ba6 10. Qe2 Rc8 11. Rfd1 Qd7 12. Rac1 Rfd8 13. d3 Qe8 14. Nb5 Bxb5 15. cxb5 Na5 16. Bxf6 Bxf6 17. d4 cxd4 18. exd4 Nb7 19. g4 Nd6 20. a4 Ne4 21. Qe3 Rd7 22. g5 Be7 23. Ne5 Rdc7 24. Bxe4 dxe4 25. Nc6 f5 26. gxf6 Qg6+ 27. Qg3 Qxg3+ 28. hxg3 Bxf6 29. b4 Kf8 30. Rc4 Rd7 31. Re1 Rcc7 32. Rxe4 Kf7 33. Kg2 h5 34. f4 g6 35. Kf3 Rd5 36. Re2 Rcd7 37. Ke4 g5 38. Ne5+ Bxe5 39. fxe5 Kg6 40. Rf2 h4 41. gxh4 gxh4 42. Rf6+ Kg5 43. Rxe6 h3 44. Re8 Rd8 45. Rxd8 Rxd8 46. Rc1 h2 47. d5 Rh8 48. Rh1 Rh4+ 49. Kd3 Kf5 50. e6 Kf6 51. Ke3 Ke7 52. Kf3 Rh5 53. Kg3 Rxd5 54. Rxh2 Kxe6 55. Rh7 Rd4 56. Rxa7 Rxb4 57. Kf3 Kd5 58. Ke3 Rb3+ 59. Kd2 Kc5 60. Kc2 Rh3 1/2-1/2

[Event "Wch Rapid"]
[Site "Moscow"]
[Date "2019.12.26"]
[Round "4"]
[White "Kim, Alexey"]
[Black "Miranda Neto, Jayme Amorim"]
[Result "1-0"]
[WhiteElo "2464"]
[BlackElo "2102"]
[PlyCount "103"]
[EventDate "2019.12.26"]
[EventType "swiss (rapid)"]
[EventRounds "15"]
[EventCountry "RUS"]
[SourceTitle "CBM 193 Extra"]
[Source "ChessBase"]
[SourceDate "2020.01.31"]
[SourceVersion "1"]
[SourceVersionDate "2020.01.31"]
[SourceQuality "1"]

1. e4 c6 2. d4 d5 3. Nd2 dxe4 4. Nxe4 Bf5 5. Ng3 Bg6 6. h4 h6 7. Nh3 Nf6 8. Nf4 Bh7 9. Bc4 e6 10. 0-0 Bd6 11. Re1 0-0 12. Ngh5 Nxh5 13. Nxh5 Qxh4 14. g3 Qh3 15. Bf1 Qf5 16. Bd3 Qh3 17. Bf4 Bb4 18. Bxh7+ Kxh7 19. c3 Be7 20. Bxb8 Raxb8 21. Re5 Bg5 22. Nf4 Bxf4 23. Rh5 Qxh5 24. Qxh5 Bg5 25. Kg2 g6 26. Qe2 Bf6 27. b4 Rfd8 28. a4 Rd5 29. Re1 a5 30. Rb1 axb4 31. Rxb4 c5 32. dxc5 Rxc5 33. Rf4 Kg7 34. Rc4 Rbc8 35. Rxc5 Rxc5 36. c4 Bd4 37. Qd3 e5 38. f4 Ra5 39. fxe5 Bxe5 40. Qb3 Bd4 41. Qd3 Bf6 42. Qb3 Bd4 43. Qxb7 Rxa4 44. Qd5 Ba7 45. c5 Bxc5 46. Qxc5 Ra6 47. Qe5+ Kg8 48. Qb8+ Kg7 49. Qb2+ Kg8 50. Qc1 Kg7 51. Qc3+ Kg8 52. Qc8+ 1-0

[Event "Amsterdam Science Park op-A"]
[Site "Amsterdam"]
[Date "2016.07.15"]
[Round "7"]
[White "Van Foreest, Lucas"]
[Black "Kim, Alexey"]
[Result "1/2-1/2"]
[WhiteElo "2367"]
[BlackElo "2458"]
[PlyCount "106"]
[EventDate "2016.07.09"]
[EventType "swiss"]
[EventRounds "9"]
[EventCountry "NED"]
[SourceTitle "CBM 173 Extra"]
[Source "ChessBase"]
[SourceDate "2016.08.29"]
[SourceVersion "1"]
[SourceVersionDate "2016.08.29"]
[SourceQuality "1"]

1. e4 c5 2. Nf3 e6 3. c3 d5 4. exd5 Qxd5 5. d4 Nf6 6. Na3 Nc6 7. Be2 cxd4 8. Nb5 Qd8 9. Nfxd4 Nxd4 10. Nxd4 a6 11. 0-0 Qc7 12. Bg5 Bd7 13. Nf3 Nd5 14. Re1 f6 15. Bh4 0-0-0 16. Bg3 Nf4 17. Nd4 Nxe2+ 18. Qxe2 e5 19. Rad1 Bd6 20. Nc2 h5 21. f3 h4 22. Bf2 h3 23. Ne3 Be6 24. g3 Bc5 25. b3 Rxd1 26. Rxd1 Rd8 27. Rxd8+ Qxd8 28. Nc4 Bxc4 29. Qxc4 Qd1+ 30. Qf1 Bxf2+ 31. Kxf2 Qd2+ 32. Qe2 Qxc3 33. g4 Qc1 34. Kg3 Qh6 35. Qc4+ Kb8 36. f4 Qxf4+ 37. Qxf4 exf4+ 38. Kxf4 Kc7 39. Kg3 Kd6 40. Kxh3 Ke5 41. Kh4 Kf4 42. Kh5 a5 43. h3 Kg3 44. Kg6 Kxh3 45. Kxg7 Kxg4 46. Kxf6 Kf4 47. Ke6 Ke4 48. Kd6 Kd4 49. Kc7 Kc5 50. Kxb7 a4 51. bxa4 Kb4 52. a3+ Kxa4 53. Ka8 Kxa3 1/2-1/2

[Event "Amsterdam Science Park op-A"]
[Site "Amsterdam"]
[Date "2016.07.09"]
[Round "1"]
[White "Rosmuller, Anton J"]
[Black "Kim, Alexey"]
[Result "0-1"]
[WhiteElo "2131"]
[BlackElo "2458"]
[PlyCount "114"]
[EventDate "2016.07.09"]
[EventType "swiss"]
[EventRounds "9"]
[EventCountry "NED"]
[SourceTitle "CBM 173 Extra"]
[Source "ChessBase"]
[SourceDate "2016.08.29"]
[SourceVersion "1"]
[SourceVersionDate "2016.08.29"]
[SourceQuality "1"]

1. d4 d5 2. c4 e6 3. Nc3 Nf6 4. cxd5 exd5 5. Bg5 c6 6. e3 Be7 7. Qc2 Nbd7 8. 0-0-0 h6 9. Bxf6 Nxf6 10. Bd3 Be6 11. Nge2 Qa5 12. Kb1 Rc8 13. Bf5 Bxf5 14. Qxf5 Qd8 15. h3 Bd6 16. g4 g6 17. Qd3 Qe7 18. f3 Bb4 19. e4 dxe4 20. fxe4 Bxc3 21. Nxc3 0-0 22. Rhf1 Kg7 23. e5 Nd7 24. Rde1 Rcd8 25. Qf3 Qb4 26. Re4 Qe7 27. Qe2 Rde8 28. Re1 Nb6 29. Nd1 Qh4 30. Qd3 Nd5 31. Qb3 Re7 32. a3 Rd8 33. Qf3 Kg8 34. Ka2 Nc7 35. g5 Qxg5 36. Rg4 Qd2 37. Qf6 Nd5 38. Qf2 Qxf2 39. Nxf2 h5 40. Rh4 Nc7 41. Ne4 Kg7 42. Nf6 Ne8 43. Rhe4 Re6 44. Nxe8+ Rdxe8 45. h4 Rd8 46. b4 a5 47. Kb3 axb4 48. axb4 Ra8 49. Rc1 Kf8 50. Rf4 Kg7 51. Rcf1 Re7 52. Rf6 Rd7 53. R1f4 Ra1 54. Rd6 Rxd6 55. exd6 b5 56. Rf2 Kf8 57. Rc2 Rb1+ 0-1

[Event "Marianske Lazne GM 15th"]
[Site "Marianske Lazne"]
[Date "2016.01.22"]
[Round "8"]
[White "Vykouk, Jan"]
[Black "Kim, Alexey"]
[Result "0-1"]
[WhiteElo "2427"]
[BlackElo "2460"]
[PlyCount "78"]
[EventDate "2016.01.16"]
[EventType "tourn"]
[EventRounds "9"]
[EventCountry "CZE"]
[EventCategory "8"]
[SourceTitle "CBM 170 Extra"]
[Source "ChessBase"]
[SourceDate "2016.02.25"]
[SourceVersion "1"]
[SourceVersionDate "2016.02.25"]
[SourceQuality "1"]

1. e4 c5 2. Nf3 e6 3. d4 cxd4 4. Nxd4 a6 5. Bd3 Qc7 6. 0-0 Nf6 7. Nc3 Bd6 8. Kh1 Nc6 9. Nxc6 dxc6 10. f4 e5 11. f5 b5 12. a4 Rb8 13. axb5 axb5 14. Bg5 Be7 15. Qe2 Qb6 16. Be3 Bc5 17. Bg5 Be7 18. Qf3 h6 19. Be3 Bc5 20. Bd2 Qc7 21. Qg3 Kf8 22. Ne2 Bb7 23. b4 Bd6 24. Qh4 Qe7 25. Ng3 Bxb4 26. Bg5 Kg8 27. Bxf6 Qxf6 28. Qxf6 gxf6 29. c4 Bc3 30. Rac1 b4 31. c5 Rd8 32. Rfd1 Kf8 33. Ne2 Bb2 34. Rb1 Ba3 35. g3 Ke7 36. Bc4 Rxd1+ 37. Rxd1 Ra8 38. Rd2 Ba6 39. Bb3 Rd8 0-1

[Event "Marianske Lazne GM 15th"]
[Site "Marianske Lazne"]
[Date "2016.01.21"]
[Round "7"]
[White "Kim, Alexey"]
[Black "Siva, Mahadevan"]
[Result "0-1"]
[WhiteElo "2460"]
[BlackElo "2370"]
[PlyCount "164"]
[EventDate "2016.01.16"]
[EventType "tourn"]
[EventRounds "9"]
[EventCountry "CZE"]
[EventCategory "8"]
[SourceTitle "CBM 170 Extra"]
[Source "ChessBase"]
[SourceDate "2016.02.25"]
[SourceVersion "1"]
[SourceVersionDate "2016.02.25"]
[SourceQuality "1"]

1. e4 c5 2. Nf3 d6 3. c3 Nf6 4. Be2 g6 5. 0-0 Bg7 6. Re1 0-0 7. Bf1 Nc6 8. h3 e5 9. d3 h6 10. a4 d5 11. Nbd2 Be6 12. exd5 Nxd5 13. Nc4 Qc7 14. Bd2 Rad8 15. Qc1 Kh7 16. Re4 g5 17. Re1 Nf4 18. Bxf4 exf4 19. Nfd2 Ne7 20. Qc2 Bf5 21. Ne4 Bg6 22. Ned2 Rd5 23. Qb3 Rfd8 24. Na5 R5d7 25. Nac4 Bxd3 26. Bxd3+ Rxd3 27. Nf3 Ng6 28. Rad1 Rxd1 29. Rxd1 Rxd1+ 30. Qxd1 b6 31. Qd5 Bf8 32. Nfd2 Kg7 33. Ne4 Ne7 34. Qd3 Qc6 35. b3 Qd5 36. Qe2 Ng6 37. f3 f5 38. Nf2 Kf7 39. Nd3 Bg7 40. Qc2 Bf6 41. Kf1 h5 42. Nf2 Nh4 43. Nd3 Ng6 44. Nf2 Kg7 45. Nd3 g4 46. hxg4 fxg4 47. fxg4 hxg4 48. Nf2 g3 49. Nh3 Qd7 50. Nd2 Qg4 51. Nf3 Ne5 52. Nxe5 Bxe5 53. Ng1 Qg6 54. Qd1 Bxc3 55. Qd7+ Kh6 56. Qh3+ Qh5 57. Qe6+ Kh7 58. Qd7+ Bg7 59. Nh3 Qe5 60. Qd3+ Kh6 61. Qf3 Qa1+ 62. Ke2 Qb2+ 63. Kf1 Qc1+ 64. Ke2 Qc2+ 65. Kf1 Be5 66. Qc6+ Qg6 67. Qd5 Qd6 68. Qf3 a6 69. Ke2 b5 70. axb5 axb5 71. Qg4 Qg6 72. Qd7 c4 73. bxc4 bxc4 74. Qd2 c3 75. Qd5 Qg4+ 76. Kf1 c2 77. Qc6+ Qg6 78. Qc4 Bb2 79. Nxf4 Qf5 80. Qc6+ Kg5 81. Ke2 c1Q 82. Ne6+ Kh6 0-1

[Event "Moscow Botvinnik Memorial-A"]
[Site "Moscow"]
[Date "2015.12.20"]
[Round "9"]
[White "Kim, Alexey"]
[Black "German, Nikita"]
[Result "1/2-1/2"]
[WhiteElo "2473"]
[BlackElo "2085"]
[PlyCount "28"]
[EventDate "2015.12.03"]
[EventType "tourn"]
[EventRounds "9"]
[EventCountry "RUS"]
[EventCategory "2"]
[SourceTitle "CBM 170 Extra"]
[Source "ChessBase"]
[SourceDate "2016.02.25"]
[SourceVersion "1"]
[SourceVersionDate "2016.02.25"]
[SourceQuality "1"]

1. e4 c5 2. c3 d5 3. exd5 Qxd5 4. Nf3 Nc6 5. d4 cxd4 6. cxd4 e5 7. Nc3 Bb4 8. Bd2 Bxc3 9. Bxc3 e4 10. Ne5 Nxe5 11. dxe5 Ne7 12. Be2 0-0 13. 0-0 Rd8 14. h3 Be6 1/2-1/2

[Event "Moscow Botvinnik Memorial-A"]
[Site "Moscow"]
[Date "2015.12.17"]
[Round "7"]
[White "Granovskiy, Alexandr"]
[Black "Kim, Alexey"]
[Result "1/2-1/2"]
[WhiteElo "2282"]
[BlackElo "2473"]
[PlyCount "31"]
[EventDate "2015.12.03"]
[EventType "tourn"]
[EventRounds "9"]
[EventCountry "RUS"]
[EventCategory "2"]
[SourceTitle "CBM 170 Extra"]
[Source "ChessBase"]
[SourceDate "2016.02.25"]
[SourceVersion "1"]
[SourceVersionDate "2016.02.25"]
[SourceQuality "1"]

1. e4 e5 2. Nf3 Nc6 3. Nc3 Nf6 4. Bb5 Bb4 5. 0-0 0-0 6. d3 d6 7. Bg5 Bxc3 8. bxc3 Bd7 9. Re1 a6 10. Bxc6 Bxc6 11. c4 h6 12. Bh4 Qe7 13. Nd2 Qe6 14. Bxf6 Qxf6 15. Nf1 Qe6 16. Ne3 1/2-1/2

[Event "Marianske Lazne GM 14th"]
[Site "Marianske Lazne"]
[Date "2015.01.20"]
[Round "4"]
[White "Studer, Noel"]
[Black "Kim, Alexey"]
[Result "1-0"]
[WhiteElo "2403"]
[BlackElo "2477"]
[PlyCount "59"]
[EventDate "2015.01.17"]
[EventType "tourn"]
[EventRounds "9"]
[EventCountry "CZE"]
[EventCategory "7"]
[SourceTitle "CBM 164 Extra"]
[Source "ChessBase"]
[SourceDate "2015.03.02"]
[SourceVersion "1"]
[SourceVersionDate "2015.03.02"]
[SourceQuality "1"]

1. e4 c6 2. d4 d5 3. e5 Bf5 4. Nf3 e6 5. Be2 Ne7 6. 0-0 Nd7 7. Nbd2 h6 8. Nb3 Qc7 9. Be3 g5 10. Rc1 Bg7 11. Nfd2 0-0-0 12. c4 f6 13. exf6 Bxf6 14. Qe1 h5 15. cxd5 Nxd5 16. Nc4 Be7 17. Bd2 Kb8 18. Nba5 Rc8 19. b4 g4 20. Qd1 e5 21. Ne3 Be4 22. b5 Nxe3 23. fxe3 exd4 24. bxc6 bxc6 25. Rf4 dxe3 26. Bxe3 Bd5 27. Rb1+ Nb6 28. Nc4 Bxc4 29. Rxc4 c5 30. Bf4 1-0

[Event "Marianske Lazne GM 14th"]
[Site "Marianske Lazne"]
[Date "2015.01.17"]
[Round "1"]
[White "Kim, Alexey"]
[Black "Stachowiak, Kamil"]
[Result "1-0"]
[WhiteElo "2477"]
[BlackElo "2446"]
[PlyCount "95"]
[EventDate "2015.01.17"]
[EventType "tourn"]
[EventRounds "9"]
[EventCountry "CZE"]
[EventCategory "7"]
[SourceTitle "CBM 164 Extra"]
[Source "ChessBase"]
[SourceDate "2015.03.02"]
[SourceVersion "1"]
[SourceVersionDate "2015.03.02"]
[SourceQuality "1"]

1. e4 c5 2. Nf3 e6 3. d4 cxd4 4. Nxd4 Nc6 5. Nc3 Qc7 6. g3 a6 7. Bg2 d6 8. 0-0 Bd7 9. a4 Nf6 10. Nb3 Be7 11. a5 0-0 12. Be3 Rac8 13. f4 Nb4 14. g4 h6 15. Rf2 e5 16. h3 Bc6 17. g5 hxg5 18. fxg5 Nh7 19. h4 Bd7 20. Bb6 Qc4 21. Nd2 Qe6 22. Nf1 g6 23. Ne3 f6 24. Rf3 Qf7 25. Qd2 Qg7 26. Ncd5 Nxd5 27. Qxd5+ Kh8 28. Qxb7 Bc6 29. Qxa6 Bxe4 30. Rf2 Bxg2 31. Rxg2 fxg5 32. Qd3 gxh4 33. Rxg6 Qf7 34. Rf1 Bf6 35. Kh1 Rg8 36. Rh6 Qb7+ 37. Nd5 Bg5 38. Rxd6 Rcf8 39. Rg1 Bf4 40. a6 Qf7 41. Rxg8+ Rxg8 42. a7 Be3 43. Qe2 Qf5 44. Nxe3 Qe4+ 45. Qg2 Rxg2 46. Nxg2 h3 47. Rd8+ Kg7 48. a8Q 1-0